Statistics for Fast typing 1-15

Click here to take the quiz!

General Stats

  • This quiz has been taken 258 times
  • The average score is 14 of 15

Answer Stats

HintNumber% Correct
You're wasting your time reading this get on with it!1
100%
Really I already told you not to read this are you losing intentionally?2
99%
Say if you're gonna read this anyway wanna hear a story3
99%
No well too bad!4
98%
Sorry for that last outburst I have anger issues5
98%
So do you wanna(play a game) hear a story6
98%
I don't care what you say but it's your choice wether you Listen7
97%
We better hurry up before the quiz is over8
96%
We're already at 99
95%
Actually should I tell a story10
94%
Naaa too boring11
94%
Anyways you're about to lose the quiz if you don't hurry up12
93%
I'm gonna stop talking and let you concentrate13
93%
Do you mind if I hum?14
93%
*huuuuuummmm*15
91%

Score Distribution

Percentile by Number Answered

Percent of People with Each Score

Your Score History

You have not taken this quiz